Rational man and irrational society? : an introduction and sourcebook /

Bibliographic Details
Other Authors: Barry, Brian, 1936-2009, Hardin, Russell, 1940-
Format: Book
Language:English
Published: Beverly Hills : Sage, [1982]
Subjects:

MARC

Tag First Indicator Second Indicator Subfields
LEADER 00000pam a2200000 a 4500
001 in00000085478
005 20151008061512.0
008 811215s1982 caua b 00100 eng
010 |a  81021508  
020 |a 080391850X 
020 |a 0803918518 (pbk.) 
035 |a (OCoLC)08111810 
035 |9 AAJ8200AM 
039 0 |a 2  |b 3  |c 3  |d 3  |e 3 
040 |a DLC  |c DLC  |d TXA  |d UtOrBLW 
049 |a TXAM  |c [1443105] 
050 0 0 |a HM271  |b .R37 1982 
082 0 |a 302  |2 19 
245 0 0 |a Rational man and irrational society? :  |b an introduction and sourcebook /  |c edited by Brian Barry and Russell Hardin. 
264 1 |a Beverly Hills :  |b Sage,  |c [1982] 
264 4 |c ©1982 
300 |a 413 pages :  |b illustrations ;  |c 23 cm. 
336 |a text  |b txt  |2 rdacontent 
337 |a unmediated  |b n  |2 rdamedia 
338 |a volume  |b nc  |2 rdacarrier 
500 |a Includes index. 
504 |a Bibliography: pages 391-400. 
650 0 |a Social choice. 
700 1 |a Barry, Brian,  |d 1936-2009. 
700 1 |a Hardin, Russell,  |d 1940- 
999 |a MARS 
999 f f |s 73ec8651-5276-3ab1-b849-3a3e289ded86  |i 453d0825-0352-31fa-be46-b7eeb1e42f1a  |t 0 
952 f f |p ric  |a Texas A&M University  |b Rellis Campus  |c Joint Library Facility  |d Remote Storage  |t 0  |e HM271 .R37 1982  |h Library of Congress classification  |i unmediated -- volume  |m A14806139985 
998 f f |a HM271 .R37 1982  |t 0  |l Remote Storage